| 000 | 00415 a2200121 4500 | ||
|---|---|---|---|
| 001 | 92335 | ||
| 082 | _aPR 2382 | ||
| 090 |
_c44292 _d44293 |
||
| 100 | _aAsad; Prof Fida Khan and Zishan (Advisors) | ||
| 245 |
_aInterface the Accelerometer and Flux Sensor with the Microcontroller to Design the Lab Model of Attitude and Direction Finder _n60'B' EC |
||
| 260 |
_aIslamabad _bNUST _c2005 |
||
| 500 | _aBE Project Report | ||
| 942 |
_aCAE NUST _kPR 2382 |
||
| 999 |
_c327408 _d327408 |
||